<?xml version="1.0" encoding="UTF-8"?><?xml-stylesheet type="text/xsl" href="static/style.xsl"?><OAI-PMH xmlns="http://www.openarchives.org/OAI/2.0/" xmlns:xsi="http://www.w3.org/2001/XMLSchema-instance" xsi:schemaLocation="http://www.openarchives.org/OAI/2.0/ http://www.openarchives.org/OAI/2.0/OAI-PMH.xsd"><responseDate>2026-04-28T19:48:27Z</responseDate><request verb="GetRecord" identifier="oai:uvadoc.uva.es:10324/70672" metadataPrefix="marc">https://uvadoc.uva.es/oai/request</request><GetRecord><record><header><identifier>oai:uvadoc.uva.es:10324/70672</identifier><datestamp>2024-10-09T19:02:44Z</datestamp><setSpec>com_10324_38</setSpec><setSpec>col_10324_852</setSpec></header><metadata><record xmlns="http://www.loc.gov/MARC21/slim" xmlns:doc="http://www.lyncode.com/xoai" xmlns:xsi="http://www.w3.org/2001/XMLSchema-instance" xmlns:dcterms="http://purl.org/dc/terms/" xsi:schemaLocation="http://www.loc.gov/MARC21/slim http://www.loc.gov/standards/marcxml/schema/MARC21slim.xsd">
<leader>00925njm 22002777a 4500</leader>
<datafield tag="042" ind1=" " ind2=" ">
<subfield code="a">dc</subfield>
</datafield>
<datafield tag="720" ind1=" " ind2=" ">
<subfield code="a">Chazo Figuero, Adriana</subfield>
<subfield code="e">author</subfield>
</datafield>
<datafield tag="260" ind1=" " ind2=" ">
<subfield code="c">2024</subfield>
</datafield>
<datafield tag="520" ind1=" " ind2=" ">
<subfield code="a">Este trabajo se centra en explorar una técnica publicitaria emergente conocida como Fake Out &#xd;
Of Home (FOOH) y sus diversas aplicaciones para las innovadoras estrategias de marketing &#xd;
actuales. Aprovechando las tecnologías modernas como las imágenes generadas por ordenador &#xd;
(CGI) y la realidad aumentada (AR), se consiguen crear anuncios que visualmente alternan el &#xd;
mundo real con el mundo ficticio.&#xd;
El presente estudio busca redefinir los límites de la publicidad tradicional para moldear el &#xd;
futuro de la comunicación de las marcas. Destaca por el análisis de tres casos que apostaron &#xd;
por la innovación que suponía el modelo FOOH y por el ilimitado potencial creativo que &#xd;
supone esta nueva forma de publicidad exterior. Además, este nuevo frente, ha impulsado la &#xd;
investigación de importantes consideraciones éticas y legales en lo que respecta la &#xd;
transparencia y protección de la confianza del consumidor.</subfield>
</datafield>
<datafield tag="024" ind2=" " ind1="8">
<subfield code="a">https://uvadoc.uva.es/handle/10324/70672</subfield>
</datafield>
<datafield tag="245" ind1="0" ind2="0">
<subfield code="a">FOOH: Desafiando los límites de la realidad publicitaria</subfield>
</datafield>
</record></metadata></record></GetRecord></OAI-PMH>